00537nam a2200169 a 4500008004100000020001800041050001800059100002500077245010100102250001200203260003800215300002200253350000900275650004000284650002300324700002000347100728s2005 ||||||||||||||||| || u a9780324225099 aHF 5415.2 Chu aChurchill, Gilbert A10aMarketing research: methodological foundations. -- 9th ed.cGilbert A. Churchill, Dawn Iacobucci a9th ed. aMason, Ohio:bSouth Westernc2005 axxii, 697p.: ill. a0.00 0aMARKETING--MANAGEMENT--CASE STUDIES 0aMARKETING RESEARCH aIacobucci, Dawn